000 00458nam a2200157 i 4500
001 28720
003 ES-MaACL
005 20230906153921.0
007 t|
008 030120s1916 xxk ||||1| eng d
100 1 _aBakshy, Alexander.
_924787
245 1 4 _aThe path of the modern Russian stage and other essays /
_cAlexander Bakshy.
260 _aLondon :
_bCecil Palmer & Hayward,
_c1916.
300 _aXXIII, 243 p. ;
_c21 cm.
852 _aES-MaACL
_jD-3441
999 _c28720
_d28720